How Well Do You Know Fairy Tail? - Statistics

General Stats
  • This quiz has been taken 416 times
    406 since last reset
  • The average score is 3 of 13
Answer Stats
Hint Answer % Correct
Aye sir! Happy
93%
We'll never give up because we are always connected to hope Erza Scarlet
35%
People cry not because they're to weak Mirajane
33%
I can petrify the mouths of those who you know insult Fairy Tail Evergreen
29%
Remember that everyone you meet is afraid of something Lucy Heartfilia
29%
Im not like those dolls you miniplulate Love maks us spirits stronger Loke
27%
Its not the goodbyes that hurt its the flashbacks that follows Gray Fullbuster
26%
Fear is not evil it tells what your weakness is Gildarts Clive
15%
Care to little you lose them care to much you get hurt Gajeel Redfox
14%
I live for the ones I love Juvia Lockser
11%
The exam split us apart and we prioritised ourselves over our allies Levy McGarden
11%
Things end but memories last forever Lisanna Strauss
6%
Tears arehow our heart speaks when our lips cant describe how much we have been hurt Wendy Edolas
1%
No matching quizzes found
Score Distribution
Percent of People with Each Score
Percentile by Number Answered
Your Score History
You have not taken this quiz since the last reset